000 00617nam a2200229Ia 4500
005 20230116144717.0
008 131103s9999 xx 000 0 und d
020 _a071366794X
_cRs 361
040 _aLoreto College
041 _aEnglish
082 _a822.6
_bGOL
100 _aGoldsmith, Oliver
245 _aShe stoops to conquer.
_cOliver Goldsmith. Edited by James Ogden
250 _a2nd ed
260 _aLondon; New York
_bA & C Black; WW Norton
_c2001
300 _axlii,101p
440 _aNew Mermaids
650 _aEnglish Drama
700 _aOgden, James, ed
850 _aLCLIB
942 _cBK
999 _c17485
_d67964